| 000 | 00612nam a2200193 a 4500 | ||
|---|---|---|---|
| 005 | 20210223122908.0 | ||
| 008 | 991125s1972 ea 000 0 eng u | ||
| 020 | _a0136486347 | ||
| 035 | _aUPN01000043641 | ||
| 049 | _aCG | ||
| 050 | 4 |
_aQA76.6 _bL6.6 |
|
| 100 | 1 | _aLorin, Harold | |
| 245 | 1 | 0 |
_aParalelism in hadware and software : _breal and apparent concurrency / _cHarold Lorin. |
| 260 |
_aEnglewood Cliffs [E.U.A.] : _bPrentice-Hall, _c1972. |
||
| 300 | _a508 p. | ||
| 440 | 0 | _aPrentice-Hall series in automatic computation | |
| 650 | 4 |
_aPROGRAMACION (COMPUTADORAS ELECTRONICAS) _913000 |
|
| 905 | _aLibro | ||
| 999 |
_c43641 _d43641 |
||